Determination of cDNA and genomic DNA sequences of hevamine, a chitinase from the rubber tree Hevea brasiliensis (Record no. 56880)

MARC details
000 -LEADER
fixed length control field 00613nam a2200205Ia 4500
100 ## - MAIN ENTRY--AUTHOR NAME
Personal name Bokma Evert
245 #0 - TITLE STATEMENT
Title Determination of cDNA and genomic DNA sequences of hevamine, a chitinase from the rubber tree Hevea brasiliensis
260 ## - PUBLICATION, DISTRIBUTION, ETC. (IMPRINT)
Name of publisher Plant Physiology and Biochemistry
Year of publication 2001
300 ## - PHYSICAL DESCRIPTION
Number of Pages 367-376
650 ## - SUBJECT ADDED ENTRY--TOPICAL TERM
Topical Term DNA sequence
650 ## - SUBJECT ADDED ENTRY--TOPICAL TERM
Topical Term Hevamine
700 ## - ADDED ENTRY--PERSONAL NAME
Personal name Beintema Jaap J
700 ## - ADDED ENTRY--PERSONAL NAME
Personal name Chow Keng-See
700 ## - ADDED ENTRY--PERSONAL NAME
Personal name Mulder Patty P M F A
700 ## - ADDED ENTRY--PERSONAL NAME
Personal name Spiering Marjolein
700 ## - ADDED ENTRY--PERSONAL NAME
Personal name Subroto Toto
856 ## - ELECTRONIC LOCATION AND ACCESS
Uniform Resource Identifier Copy of article
942 ## - ADDED ENTRY ELEMENTS (KOHA)
Koha item type Journals
Holdings
Withdrawn status Lost status Damaged status Not for loan Home library Current library Shelving location Date acquired Serial Enumeration / chronology Koha item type
      Journals RRII Library RRII Library Biotechnology 17/12/2021 Volume 39, Issue .. Journals